| 000 | 00646cam a22002294a 4500 | ||
|---|---|---|---|
| 999 |
_c5412 _d5412 |
||
| 001 | 857 | ||
| 003 | BD-DhUAP | ||
| 005 | 20201210143337.0 | ||
| 008 | 201210s1982 ii a b 001 0 eng | ||
| 020 | _a0471869708 | ||
| 040 |
_aDNLM/DLC _cDLC _dBD-DhUAP _beng |
||
| 082 | 0 | 0 |
_a620.106 VEN _223 |
| 100 | _aVennard, John King. | ||
| 245 |
_aElementary fluid mechanics / _cJohn King Vennard and Robert L. Street. |
||
| 250 | _a6th ed. | ||
| 260 |
_aNew York : _bWiley, _cc1982. |
||
| 300 |
_axii, 685 pages : _billustrations ; _c23 cm. |
||
| 500 | _aIncludes index. | ||
| 650 | _aFluid mechanics. | ||
| 700 | _aStreet, Robert L. | ||
| 942 |
_2ddc _cBK |
||